| Поле | Инд. | ПП | Название | Значение |
|---|---|---|---|---|
| Тип записи | a | |||
| Библиографический уровень | m | |||
| 001 | Контрольный номер | RU/IS/BASE/262110672 | ||
| 005 | Дата корректировки | 20250829153637.4 | ||
| 020 | 00 | a | ISBN | 5-7846-0034-6 |
| 084 | a | Индекс другой классификации/Индекс ББК | 72.3г(2Рос)6; 22.3г(2)6 | |
| 090 | 00 | a | Полочн. индекс | 72.3г(2Рос)6 |
| x | Авторский знак | Г 93 | ||
| 097 | 00 | a | 300 | |
| b | Оператор | Жавоpонкова_Г.Я. | ||
| 100 | 10 | a | Автор | Губарев В. С. |
| q | Полное имя | Губарев Владимир Степанович | ||
| 245 | 00 | a | Заглавие | XX век. Исповеди: судьба науки и ученых в России |
| 260 | 00 | a | Место издания | Москва |
| b | Издательство | Наука/Интерпериодика | ||
| c | Дата издания | 2000 | ||
| 300 | 00 | a | Объем | 608 с. |
| b | Иллюстрации/ тип воспроизводства | ил. | ||
| 336 | a | Термин вида содержания | Текст | |
| 337 | a | Термин типа средства | непосредственный | |
| 600 | 14 | a | Персоналии | Берия Лаврентий Павлович |
| a | Персоналии | Капица Петр Леонидович | ||
| a | Персоналии | Курчатов Игорь Васильевич | ||
| a | Персоналии | Сахаров Андрей Дмитриевич | ||
| a | Персоналии | Сталин Иосиф Виссарионович | ||
| a | Персоналии | Харитон Юлий Борисович | ||
| 650 | 04 | a | Основная рубрика | история науки |
| a | Основная рубрика | наука | ||
| 653 | 00 | a | Ключевые слова | XX век |
| a | Ключевые слова | идеология | ||
| a | Ключевые слова | испытания | ||
| a | Ключевые слова | история создания | ||
| a | Ключевые слова | история физики | ||
| a | Ключевые слова | культура | ||
| a | Ключевые слова | научная деятельность | ||
| a | Ключевые слова | научные исследования | ||
| a | Ключевые слова | новейшее время | ||
| a | Ключевые слова | Россия | ||
| a | Ключевые слова | Семипалатинский полигон | ||
| a | Ключевые слова | СССР | ||
| a | Ключевые слова | ученые | ||
| a | Ключевые слова | физика | ||
| a | Ключевые слова | ядерная бомба | ||
| a | Ключевые слова | ядерная физика | ||
| a | Ключевые слова | ядерное оружие (атомное оружие) | ||
| 720 | a | Наименование подборки | К юбилею А. Д. Сахарова | |
| e | Признак/вид подборки | Тематические подборки | ||
| 901 | t | Тип документа | m | |
| 952 | a | Тип литературы для КСУ ВШ | НАУ |